000 00336 a2200145 4500
001 157082
040 _cEscola São Tomás de Aquino
100 _aBERUTTI, Flávio
240 1 0 _aBrasil 500 anos de esperança
_lpor
245 1 0 _aBrasil 500 anos de esperança
300 _a27
362 0 _a2000
697 _aHISTÓRIA
942 _cBK
999 _c157082
_d157082